| 000 | 01507nam a2200373Ia 4500 | ||
|---|---|---|---|
| 001 | ebr10194332 | ||
| 003 | CaPaEBR | ||
| 006 | m u | ||
| 007 | cr cn||||||||| | ||
| 008 | 910513s1992 mnu sb s001 0 eng d | ||
| 010 | _z 91019823 | ||
| 020 | _z9780816620265 | ||
| 020 | _z0816620253 (hard : alk. paper) : | ||
| 020 | _z0816620261 (pbk. : alk. paper) : | ||
| 040 |
_aCaPaEBR _cCaPaEBR |
||
| 035 | _a(OCoLC)230204702 | ||
| 050 | 1 | 4 |
_aBX1585 _b.C84 1992eb |
| 082 | 0 | 4 |
_a306.6/8246/09031 _220 |
| 245 | 0 | 0 |
_aCulture and control in counter-reformation Spain _h[electronic resource] / _cAnne J. Cruz and Mary Elizabeth Perry, editors. |
| 260 |
_aMinneapolis : _bUniversity of Minnesota Press, _cc1992. |
||
| 300 | _axxiii, 267 p. | ||
| 490 | 1 |
_aHispanic issues ; _vv. 7 |
|
| 504 | _aIncludes bibliographical references and index. | ||
| 533 |
_aElectronic reproduction. _bPalo Alto, Calif. : _cebrary, _d2009. _nAvailable via World Wide Web. _nAccess may be limited to ebrary affiliated libraries. |
||
| 650 | 0 |
_aCounter-Reformation _zSpain. |
|
| 650 | 0 |
_aControl (Psychology) _xReligious aspects _xChristianity. |
|
| 651 | 0 |
_aSpain _xCivilization _y1516-1700. |
|
| 655 | 7 |
_aElectronic books. _2local |
|
| 700 | 1 |
_aCruz, Anne J., _d1941- |
|
| 700 | 1 |
_aPerry, Mary Elizabeth, _d1937- |
|
| 710 | 2 | _aebrary, Inc. | |
| 830 | 0 |
_aHispanic issues ; _v7. |
|
| 856 | 4 | 0 |
_uhttp://site.ebrary.com/lib/rucke/Doc?id=10194332 _zAn electronic book accessible through the World Wide Web; click to view |
| 999 |
_c221523 _d221523 |
||